Countries closest to Yemen - Statistics

General Stats
  • This quiz has been taken 18 times
  • The average score is 10 of 11
Answer Stats
Hint Answer % Correct
Asia Oman
100%
Asia Qatar
100%
Asia Saudi Arabia
100%
Asia Bahrain
94%
Asia United Arab Emirates
94%
Africa Egypt
89%
Africa Ethiopia
89%
Africa Somalia
89%
Africa Djibouti
83%
Africa Eritrea
83%
Africa Sudan
83%
No matching quizzes found
Score Distribution
Percent of People with Each Score
Percentile by Number Answered
Your Score History
You have not taken this quiz